Football quiz n°7 - Statistiques

Statistiques générales
  • Ce quiz a été pris 220 fois
  • Le résultat moyen est 14 sur 16
Statistiques - réponses
Par images Réponse % Correct
Depay
99%
Son
99%
Leao
98%
Nkunku
97%
Sane
97%
Eriksen
95%
Saliba
95%
Paqueta
93%
Rodri
92%
Ferland Mendy
91%
Harit
88%
Isak
85%
Govou
67%
Shevchenko
59%
Arshavin
54%
Ramires
54%
Aucun quiz correspondant
Distribution des résultats
% des personnes avec chaque résultat
Percentile par nombre de réponses
Votre historique - résultats
Vous n’avez pas pris ce quiz